000
00318nam a22001337a 4500
008
220209b ||||| |||| 00| 0 eng d
020
_a
9780834123380
050
_a
FLA
_b
1
100
_a
Flaaten Rosemary
_9
7538
245
_a
A Women and Her Relationships
260
_a
USA
_c
2007
300
_a
192.P
942
_2
ddc
_c
BK
999
_c
11983
_d
11983